000
00228nam a22001097a 4500
003
OSt
008
241211b |||||||| |||| 00| 0 eng d
041
_a
eng
100
_a
Kumaranashan, N
_9
6476
245
_a
Duravastha
942
_c
BK
999
_c
18442
_d
18442